Les plus grands pays commençant par la lettre E - Statistiques

Statistiques générales
  • Ce quiz a été pris 88 fois
  • Le résultat moyen est 4 sur 5
Statistiques - réponses
Superficie (km²) Position dans le monde
en termes de superficie
Pays % Correct
505 944 52 Espagne
92%
9 843 973 3 États-Unis
82%
1 104 300 27 Éthiopie
76%
257 217 78 Équateur
66%
1 002 000 30 Égypte
58%
Aucun quiz correspondant
Distribution des résultats
% des personnes avec chaque résultat
Percentile par nombre de réponses
Votre historique - résultats
Vous n’avez pas pris ce quiz